NBA Championships - Statistics

General Stats
  • This quiz has been taken 67 times
  • The average score is 63 of 79
Answer Stats
Hint Answer % Correct
2020 Los Angeles Lakers
100%
2009 Los Angeles Lakers
100%
2002 Los Angeles Lakers
100%
2001 Los Angeles Lakers
100%
2000 Los Angeles Lakers
100%
1988 Los Angeles Lakers
100%
1987 Los Angeles Lakers
100%
1985 Los Angeles Lakers
100%
1982 Los Angeles Lakers
100%
1980 Los Angeles Lakers
100%
1972 Los Angeles Lakers
100%
2024 Boston Celtics
96%
2008 Boston Celtics
96%
1986 Boston Celtics
96%
1984 Boston Celtics
96%
1981 Boston Celtics
96%
1976 Boston Celtics
96%
1974 Boston Celtics
96%
1969 Boston Celtics
96%
1968 Boston Celtics
96%
1966 Boston Celtics
96%
1965 Boston Celtics
96%
1964 Boston Celtics
96%
1963 Boston Celtics
96%
1962 Boston Celtics
96%
1961 Boston Celtics
96%
1960 Boston Celtics
96%
1959 Boston Celtics
96%
1957 Boston Celtics
96%
2013 Miami Heat
96%
2012 Miami Heat
96%
2006 Miami Heat
96%
2022 Golden State Warriors
94%
2018 Golden State Warriors
94%
2017 Golden State Warriors
94%
2015 Golden State Warriors
94%
2025 Oklahoma City Thunder
94%
2014 San Antonio Spurs
94%
2010 San Antonio Spurs
94%
2007 San Antonio Spurs
94%
2005 San Antonio Spurs
94%
2003 San Antonio Spurs
94%
1999 San Antonio Spurs
94%
2023 Denver Nuggets
93%
1998 Chicago Bulls
89%
1997 Chicago Bulls
89%
1996 Chicago Bulls
89%
1993 Chicago Bulls
89%
1992 Chicago Bulls
89%
1991 Chicago Bulls
89%
2016 Cleveland Cavaliers
89%
2011 Dallas Mavericks
89%
2021 Milwaukee Bucks
89%
1971 Milwaukee Bucks
89%
2019 Toronto Raptors
89%
2004 Detroit Pistons
83%
1990 Detroit Pistons
83%
1989 Detroit Pistons
83%
1995 Houston Rockets
81%
1994 Houston Rockets
81%
1983 Philadelphia 76ers
74%
1967 Philadelphia 76ers
74%
1973 New York Knicks
70%
1970 New York Knicks
70%
1977 Portland Trailblazers
61%
1979 Seattle Supersonics
56%
1954 Minneapolis Lakers
22%
1953 Minneapolis Lakers
22%
1952 Minneapolis Lakers
22%
1950 Minneapolis Lakers
22%
1949 Minneapolis Lakers
22%
1978 Baltimore Bullets
19%
1948 Baltimore Bullets
19%
1975 Philadelphia Warriors
19%
1956 Philadelphia Warriors
19%
1947 Philadelphia Warriors
19%
1958 St. Louis Hawks
17%
1955 Syracuse Nationals
17%
1951 Rochester Royals
15%
No matching quizzes found
Score Distribution
Percent of People with Each Score
Percentile by Number Answered
Your Score History
You have not taken this quiz